Do! : en búsqueda de una realización xcepcional /

Detalles Bibliográficos
Autor principal: Kelly, Kevin (Autor)
Otros Autores: Espeche, Federico (Traductor)
Formato: Electrónico eBook
Lenguaje:español
inglés
Publicado: Buenos Aires : eBook Granica, [2016]
Colección:Coaching personal.
Materias:
Acceso en línea:Digitalia Hispánica

MARC

LEADER 00000nam a2200000Ii 4500
001 DIGGRANC0104
003 NyNyDIG
006 m o d
007 cr |||||||||||
008 250915s2016 ag o 000 0 spa d
035 |a (OCoLC)978642486 
040 |a DGITA  |b eng  |e rda  |e pn  |c DGITA 
020 |a 9789506418557  |q eBook 
020 |z 9789506418533 
041 1 |a spa  |h eng 
050 1 4 |a HD57.7 ebook 
100 1 |a Kelly, Kevin,  |e author. 
240 1 0 |a Do!  |l Spanish  |s (Espeche) 
245 1 0 |a Do! :  |b en búsqueda de una realización xcepcional /  |c Kevin Kelly ; traducción, Federico Espeche. 
246 3 |a En búsqueda de una realización excepcional 
264 1 |a Buenos Aires :  |b eBook Granica,  |c [2016] 
300 |a 1 online resource. 
336 |a text  |b txt  |2 rdacontent 
337 |a computer  |b c  |2 rdamedia 
338 |a online resource  |b cr  |2 rdacarrier 
347 |a text file  |2 rdaft 
347 |b EPUB 
347 |b PDF  
490 1 |a Coaching personal  
588 0 |a Online resource; title from ePub title page (Digitalia, viewed September 15, 2025) 
650 0 |a Leadership. 
650 0 |a Self-realization. 
700 1 |a Espeche, Federico,  |e translator. 
700 1 |i Translation of:  |a Kelly, Kevin.  |t Do! 
791 2 |a Digitalia (Firm),  |e distributor. 
793 0 |g Digitalia eBook Collection:  |a Granica 
776 0 8 |i Print version:  |a Kelly, Kevin.  |s Do! Spanish (Espeche).  |t Do!  |d Buenos Aires : Granica, [2016]  |z 9789506418533 
830 0 |a Coaching personal.  
856 4 0 |3 Digitalia Hispánica  |u https://www.digitaliapublishing.com/a/85667/ 
910 |a Premium collection: 2025